<?xml version="1.0" encoding="UTF-8"?>
<record
    xmlns:xsi="http://www.w3.org/2001/XMLSchema-instance"
    xsi:schemaLocation="http://www.loc.gov/MARC21/slim http://www.loc.gov/standards/marcxml/schema/MARC21slim.xsd"
    xmlns="http://www.loc.gov/MARC21/slim">

  <leader>02451nac a22002171u 4500</leader>
  <datafield tag="010" ind1=" " ind2=" ">
    <subfield code="a">  2002014154</subfield>
  </datafield>
  <datafield tag="020" ind1=" " ind2=" ">
    <subfield code="a">0745629598 (hb : alk. paper)</subfield>
  </datafield>
  <datafield tag="020" ind1=" " ind2=" ">
    <subfield code="a">0745629601 (pb : alk. paper)</subfield>
  </datafield>
  <datafield tag="082" ind1="0" ind2="0">
    <subfield code="a">327</subfield>
    <subfield code="b">L444</subfield>
  </datafield>
  <datafield tag="090" ind1=" " ind2=" ">
    <subfield code="c">1989</subfield>
    <subfield code="d">1989</subfield>
  </datafield>
  <datafield tag="100" ind1=" " ind2=" ">
    <subfield code="a">Lawson, Stephanie.           </subfield>
  </datafield>
  <datafield tag="245" ind1="1" ind2="0">
    <subfield code="a">International relations /</subfield>
    <subfield code="c">Stephanie Lawson.</subfield>
  </datafield>
  <datafield tag="260" ind1=" " ind2=" ">
    <subfield code="a">Cambridge, UK ;</subfield>
    <subfield code="a">Malden, MA, USA</subfield>
    <subfield code="b">Polity, 2003</subfield>
    <subfield code="c">2003</subfield>
  </datafield>
  <datafield tag="300" ind1=" " ind2=" ">
    <subfield code="a">viii, 160 p. ;</subfield>
    <subfield code="c">24 cm.</subfield>
  </datafield>
  <datafield tag="440" ind1=" " ind2="0">
    <subfield code="a">Short introductions</subfield>
  </datafield>
  <datafield tag="504" ind1=" " ind2=" ">
    <subfield code="a">Includes bibliographical references (p. [141]-149) and index.</subfield>
  </datafield>
  <datafield tag="505" ind1="0" ind2=" ">
    <subfield code="a">Eras in world politics -- The domain of international relations -- Approaches to the study of international relations -- Defining the international -- Mapping the international -- Internationalizing the state system -- Globalizing the international -- Defining the state -- States and empires in the pre-modern world -- Political community and human nature -- The rise of modernity -- The sovereign state and state system -- The modern colonial empires -- Nationalism and the nation-state -- The first conflagration -- The liberal search for peace and security -- From 'peace in our time' to the return of total war -- Realism : telling it how it is -- Neoliberalism, Neorealism and Marxism -- The changing structure of world politics, 1945-1989 -- The end of the Cold War -- Methodology and scientific IR -- From the end of history to a new world order -- The clash of civilizations -- Ethnicity and the deadly politics of identity -- Culture and IR -- Culture and normative theory -- Realist  perspectives on security -- The liberal security order -- Alternative approaches to security and insecurity -- The human security paradigm -- Humanitarian intervention -- Terrorism -- The idea of international society -- Global governance and the United Nations -- Global economic governance and the liberal order -- Global civil society and social movements -- Regionalization and world order -- A fragmenting world order? -- The postcolonial order -- The concept of globalization -- A brief history of globalization -- Globalization versus the state -- Culture and  globalization -- Globalization, the state and normative theory -- Rethinking political community.</subfield>
  </datafield>
  <datafield tag="650" ind1=" " ind2="0">
    <subfield code="a">International relations.</subfield>
  </datafield>
  <datafield tag="942" ind1=" " ind2=" ">
    <subfield code="c">BB</subfield>
    <subfield code="k">327</subfield>
  </datafield>
  <datafield tag="999" ind1=" " ind2=" ">
    <subfield code="c">1989</subfield>
    <subfield code="d">1989</subfield>
  </datafield>
  <datafield tag="952" ind1=" " ind2=" ">
    <subfield code="0">0</subfield>
    <subfield code="1">0</subfield>
    <subfield code="4">0</subfield>
    <subfield code="7">0</subfield>
    <subfield code="a">MAIN</subfield>
    <subfield code="b">MAIN</subfield>
    <subfield code="c">1ST</subfield>
    <subfield code="d">2006-02-07</subfield>
    <subfield code="e">Purchase</subfield>
    <subfield code="l">19</subfield>
    <subfield code="m">62</subfield>
    <subfield code="o">327 LAW</subfield>
    <subfield code="p">000002396</subfield>
    <subfield code="r">2025-07-15 00:00:00</subfield>
    <subfield code="s">2019-11-25</subfield>
    <subfield code="v">175.35</subfield>
    <subfield code="y">BB</subfield>
  </datafield>
</record>
